地理の統計TOP5 牧畜編 - Statistics

General Stats
  • This quiz has been taken 8 times
  • The average score is 10 of 45
Answer Stats
統計 世界計 順位 Answer % Correct
牛肉生産量 7245万t 1 アメリカ
100%
2 ブラジル
100%
3 中国
100%
牛肉輸出量 968万t 1 ブラジル
63%
5 アルゼンチン
50%
2 アメリカ
50%
3 オーストラリア
50%
4 インド
38%
2 アメリカ
38%
豚肉輸出量 1712万t 1 アメリカ
38%
5 アルゼンチン
25%
豚肉生産量 1.2億t 1 中国
25%
3 ニュージーランド
25%
鶏肉生産量 1.2億t 1 アメリカ
25%
3 ブラジル
25%
牛乳生産量 7.5億t 1 インド
25%
2 アメリカ
25%
5 ブラジル
13%
4 カナダ
13%
羊毛生産量 179万t 1 中国
13%
2 オーストラリア
13%
5 イギリス
13%
2 中国
13%
5 インドネシア
13%
3 中国
13%
4 ブラジル
13%
チーズ生産量 2595万t 1 アメリカ
13%
3 フランス
13%
4 イタリア
13%
バター生産量 1251万t 1 インド
13%
4 ニュージーランド
0%
3 スペイン
0%
4 ドイツ
0%
2 スペイン
0%
3 ドイツ
0%
5 デンマーク
0%
4 トルコ
0%
4 ロシア
0%
5 ドイツ
0%
2 ドイツ
0%
5 オランダ
0%
2 パキスタン
0%
3 アメリカ
0%
4 ドイツ
0%
5 ニュージーランド
0%
No matching quizzes found
Score Distribution
Percent of People with Each Score
Percentile by Number Answered
Your Score History
You have not taken this quiz